Analýza možností financovania inovácií v rodinných podnikoch bakalárska práca

Guardado en:
Detalles Bibliográficos
Autor principal: Michalčo, Samuel
Autor Corporativo: Fakulta podnikového manažmentu EU. Katedra podnikovohospodárska
Otros Autores: Trúchliková, Mária, 1991-
Formato: Libro
Lenguaje:eslovaco
Publicado: Bratislava 2022
Etiquetas: Agregar Etiqueta
Sin Etiquetas, Sea el primero en etiquetar este registro!

MARC

LEADER 00000nbm a2200000 4500
001 0285558
005 20230314081507.4
041 0 |a slo 
044 |a SK 
245 1 0 |a Analýza možností financovania inovácií v rodinných podnikoch  |b bakalárska práca  |c Samuel Michalčo ; školiteľ: Mária Trúchliková 
264 1 |a Bratislava  |c 2022 
300 |a 45 s. 
100 1 |a Michalčo, Samuel 
700 1 |a Trúchliková, Mária, 1991- 
710 2 |a Fakulta podnikového manažmentu EU. Katedra podnikovohospodárska